000 00748nam a2200205Ia 4500
005 20260121110245.0
008 008 260114s9999 xx 000 0 hin d
020 _a9788132301790
037 _aEBOOK
040 _aCRL
_bhin
_cCRL
041 _ahin
_2hin
084 _qCRL
100 _aप्रभात कुमार / Prabhat Kumar
_9943963
245 0 _aजनसंख्या वृद्धि: समाजशास्त्रीय परिप्रेक्ष्य / Jansankhya Vridhi: Samajshastriya Pariprekshya
260 _bभाषा प्रकाशन / Bhasha Prakashan
_c2020
856 _uhttps://bhashaprakashan.com/product-details/377845
942 _cEBOOK
999 _c1535628
_d1535628